000 00769cam a2200241 a 4500
001 000005514
005 20200929151709.0
008 920313s1990 sp 000 f spa
020 _a8437609348
040 _aDO-SdBNP
_cDLC
082 _a863.6
_bG216g
100 1 _aGarcía Hortelano, Juan,
_d1928-1992
_915617
245 1 3 _aEl gran momento de Mary Tribune /
_cJuan García Hortelano ; edición de Dolores Troncoso.
260 _aMadrid :
_bCátedra,
_c1990.
300 _a823 p. ;
_c18 cm.
490 1 _aLetras hispánicas
_v324
650 4 _aNovela española
_91123
650 4 _aLiteratura española
_9632
651 4 _aEspaña
_xNovela
_yPOST-GUERRA
_915618
830 0 _aLetras hispánicas ;
_v324
_94208
910 _aCatalogación por copia / LC
910 _aWM
999 _c5313
_d5313